Manual for process engineering calculations
Spremljeno u:
| Glavni autori: | , |
|---|---|
| Format: | Knjiga |
| Jezik: | engleski |
| Izdano: |
Nueva York
McGraw-Hill
1962
|
| Izdanje: | 2a. ed |
| Teme: | |
| Oznake: |
Dodaj oznaku
Bez oznaka, Budi prvi tko označuje ovaj zapis!
|
MARC
| LEADER | 00000nam a2200000 a 4500 | ||
|---|---|---|---|
| 001 | UCU7097 | ||
| 003 | CL-VaPUC | ||
| 008 | 960628e19620000US |||||||||||||||||eng|d | ||
| 082 | 0 | 4 | |a 660.281 |b CLA |2 21 |
| 100 | 0 | |a Clarke, Loyal |e author |9 365632 | |
| 700 | 0 | |a Davinson, Robert L |e author |9 365633 | |
| 245 | 1 | 0 | |a Manual for process engineering calculations |
| 250 | |a 2a. ed | ||
| 300 | |a 492 p | ||
| 942 | |c BK | ||
| 945 | |d 19960628 00:00:00 |a cmena | ||
| 260 | |a Nueva York |b McGraw-Hill |c 1962 | ||
| 650 | 0 | |a Tecnología química |9 263002 | |
| 650 | 0 | |a Termodinámica |9 259320 | |
| 650 | 0 | |a Propiedades químicas |9 345805 | |
| 650 | 0 | |a Mecánica de fluidos |9 259464 | |
| 650 | 0 | |a Transmisión de calor |9 259410 | |
| 650 | 7 | |a EQUILIBRIOS QUIMICOS |2 CL-VaPUC |9 336637 | |
| 650 | 7 | |a SEPARACION QUIMICA |2 CL-VaPUC |9 342424 | |
| 583 | |a last modification |c 19960628 00:00:00 |k Rodrigo Vera | ||
| 999 | |c 249800 |d 249798 | ||
| 952 | |0 0 |1 0 |4 0 |6 660_281000000000000_CLA_1962 |7 0 |8 A |9 267320 |a BIBING |b BIBING |d 2019-11-19 |i 1692844 |o 660.281 CLA 1962 |p 1692844 |r 2025-01-20 |w 2019-11-19 |y BK |k EIQ | ||
| 952 | |0 0 |1 0 |4 0 |6 660_281000000000000_CLA_1962 |7 0 |8 A |9 267321 |a BIBING |b BIBING |d 2019-11-19 |i 1695169 |o 660.281 CLA 1962 |p 1695169 |r 2025-01-20 |w 2019-11-19 |y BK |k EIQ | ||
| 952 | |0 0 |1 0 |4 0 |6 660_281000000000000_CLA_1962 |7 0 |8 A |9 267322 |a BIBING |b BIBING |d 2019-11-19 |i 1695614 |o 660.281 CLA 1962 |p 1695614 |r 2025-01-20 |w 2019-11-19 |y BK |k EIQ | ||